दायरे आस्थाओं के / (Record no. 114535)

MARC details
000 -LEADER
fixed length control field 01044nam a22002777a 4500
003 - CONTROL NUMBER IDENTIFIER
control field dpl
005 - DATE AND TIME OF LATEST TRANSACTION
control field 20180908135624.0
008 - FIXED-LENGTH DATA ELEMENTS--GENERAL INFORMATION
fixed length control field 180908b xxu||||| |||| 00| 0 eng d
010 ## - LIBRARY OF CONGRESS CONTROL NUMBER
LC control number 718556
020 ## - INTERNATIONAL STANDARD BOOK NUMBER
Terms of availability 9.00
035 ## - SYSTEM CONTROL NUMBER
System control number 718556, A-972858
037 ## - SOURCE OF ACQUISITION
Source of stock number/acquisition Cen Lib/Ret
040 ## - CATALOGING SOURCE
Original cataloging agency DPL
Language of cataloging HN
Transcribing agency 0
082 ## - DEWEY DECIMAL CLASSIFICATION NUMBER
Classification number
Item number भैरप्पा
100 ## - MAIN ENTRY--PERSONAL NAME
Personal name भैरप्पा, स.लि.
9 (RLIN) 44189
245 ## - TITLE STATEMENT
Title दायरे आस्थाओं के /
Statement of responsibility, etc स.लि. भैरप्पा
246 ## - VARYING FORM OF TITLE
Title proper/short title Dayre asthaon ke /
Remainder of title by S.L. Bhairappa
260 ## - PUBLICATION, DISTRIBUTION, ETC. (IMPRINT)
Place of publication, distribution, etc नयी दिल्ली
Name of publisher, distributor, etc भारतीय ज्ञानपीठ
Date of publication, distribution, etc 1973
270 ## - ADDRESS
City नयी दिल्ली
Address बी/45-47, कनोट प्लेस
Postal code 110001
300 ## - PHYSICAL DESCRIPTION
Extent 206पृ.
Dimensions 17सेमी (सजिल्द)
650 ## - SUBJECT ADDED ENTRY--TOPICAL TERM
Topical term or geographic name as entry element हिन्दी साहित्य
9 (RLIN) 57211
650 ## - SUBJECT ADDED ENTRY--TOPICAL TERM
Topical term or geographic name as entry element उपन्यास
9 (RLIN) 57212
650 ## - SUBJECT ADDED ENTRY--TOPICAL TERM
Topical term or geographic name as entry element Hindi literature
9 (RLIN) 57213
650 ## - SUBJECT ADDED ENTRY--TOPICAL TERM
Topical term or geographic name as entry element Fiction
9 (RLIN) 8901
942 ## - ADDED ENTRY ELEMENTS (KOHA)
Source of classification or shelving scheme Dewey Decimal Classification
Koha item type Hindi Books
Classification part
Call number suffix भैरप्पा
Holdings
Withdrawn status Lost status Source of classification or shelving scheme Damaged status Not for loan Home library Current library Date acquired Source of acquisition Cost, normal purchase price Total Checkouts Full call number Barcode Date last seen Date checked out Copy number Cost, replacement price Price effective from Koha item type Collection code Shelving location
    Dewey Decimal Classification     Central Library Central Library 18/08/2015 Cen Lib/Ret 85.00 2 उ भैरप्पा 718556 04/02/2019 19/01/2019 1 85.00 18/08/2015 Hindi Books    
    Dewey Decimal Classification     Patel Nagar Patel Nagar 12/11/2018 BPPD/PUB 85.00   उ भैरप्पा B-972838 12/11/2018     85.00 12/11/2018 Hindi Books Fiction General Stacks
    Dewey Decimal Classification     Shahdara Branch Shahdara Branch 08/09/2018 BPPD/PUB 85.00 1 उ भैरप्पा A-972858 15/03/2019 28/02/2019   85.00 08/09/2018 Hindi Books Fiction  

© Delhi Public Library
Hit Counter
free hit counter